Университетское образование в знаниевом обществе: футурологическая интерпретация; Известия Томского политехнического университета [Известия ТПУ]; Т. 309, № 7
| Parent link: | Известия Томского политехнического университета [Известия ТПУ]/ Томский политехнический университет (ТПУ).— , 2000- Т. 309, № 7.— 2006.— [С. 231-233] |
|---|---|
| Autor principal: | |
| Sumari: | Заглавие с титульного листа Электронная версия печатной публикации Рассмотрена роль университета как основного стабилизирующего института в знаниевом обществе. Центральная и исключительная миссия университета заключается в том, чтобы поддержать инновационность. Ориентируясь на способность университета к адаптации, можно надеяться, что в глобальном мире он сумеет сохранить за собой роль ведущего центра знания, и роль университета, как гаранта академического порядка и стабильности, может стать более важной. Масштаб преобразований, необходимых для успешной конкуренции в глобальном обществе знания, требует от университета жертвовать своими фундаментальными ценностями, чтобы адаптироваться к требованиям зарождающейся эпохи глобализации. |
| Idioma: | rus |
| Publicat: |
2006
|
| Col·lecció: | Социально-экономические и гуманитарные науки |
| Matèries: | |
| Accés en línia: | http://www.lib.tpu.ru/fulltext/v/Bulletin_TPU/2006/v309/i7/52.pdf |
| Format: | MixedMaterials Electrònic Capítol de llibre |
| KOHA link: | https://koha.lib.tpu.ru/cgi-bin/koha/opac-detail.pl?biblionumber=171840 |
MARC
| LEADER | 00000nla2a2200000 4500 | ||
|---|---|---|---|
| 001 | 171840 | ||
| 005 | 20231031164137.0 | ||
| 035 | |a (RuTPU)RU\TPU\book\186313 | ||
| 035 | |a RU\TPU\book\186312 | ||
| 090 | |a 171840 | ||
| 100 | |a 20091208d2006 k y0rusy50 ca | ||
| 101 | 0 | |a rus | |
| 102 | |a RU | ||
| 135 | |a drnn ---uucaa | ||
| 181 | 0 | |a i | |
| 182 | 0 | |a b | |
| 200 | 1 | |a Университетское образование в знаниевом обществе: футурологическая интерпретация |b Электронный ресурс |f Л. И. Ямпольская | |
| 203 | |a Текст |c электронный | ||
| 215 | |a 1 файл (96 Кб) | ||
| 225 | 1 | |a Социально-экономические и гуманитарные науки | |
| 230 | |a Электронные текстовые данные (1 файл : 96 Кб) | ||
| 300 | |a Заглавие с титульного листа | ||
| 300 | |a Электронная версия печатной публикации | ||
| 320 | |a [Библиогр.: с. 233 (3 назв.)] | ||
| 330 | |a Рассмотрена роль университета как основного стабилизирующего института в знаниевом обществе. Центральная и исключительная миссия университета заключается в том, чтобы поддержать инновационность. Ориентируясь на способность университета к адаптации, можно надеяться, что в глобальном мире он сумеет сохранить за собой роль ведущего центра знания, и роль университета, как гаранта академического порядка и стабильности, может стать более важной. Масштаб преобразований, необходимых для успешной конкуренции в глобальном обществе знания, требует от университета жертвовать своими фундаментальными ценностями, чтобы адаптироваться к требованиям зарождающейся эпохи глобализации. | ||
| 337 | |a Adobe Reader | ||
| 461 | 1 | |0 (RuTPU)RU\TPU\book\176237 |t Известия Томского политехнического университета [Известия ТПУ] |f Томский политехнический университет (ТПУ) |d 2000- | |
| 463 | 1 | |0 (RuTPU)RU\TPU\book\186202 |t Т. 309, № 7 |v [С. 231-233] |d 2006 |p 274 с. | |
| 610 | 1 | |a университетское образование | |
| 610 | 1 | |a знаниевое общество | |
| 610 | 1 | |a футурологические интерпретации | |
| 610 | 1 | |a университеты | |
| 610 | 1 | |a стабилизирующие институты | |
| 610 | 1 | |a миссия | |
| 610 | 1 | |a инновационность | |
| 610 | 1 | |a знания | |
| 610 | 1 | |a академический порядок | |
| 610 | 1 | |a стабильность | |
| 610 | 1 | |a преобразования | |
| 610 | 1 | |a конкуренция | |
| 610 | 1 | |a глобальное общество | |
| 610 | 1 | |a фундаментальные ценности | |
| 610 | 1 | |a глобализация | |
| 610 | 1 | |a труды учёных ТПУ | |
| 610 | 1 | |a электронный ресурс | |
| 700 | 1 | |a Ямпольская |b Л. И. |c доцент, начальник отдела |c кафедра философии, отдел интернет-технологий и интеллектуально-обучающих систем Томского политехнического университета |g Людмила Ивановна |2 stltpush |3 (RuTPU)RU\TPU\pers\25188 | |
| 801 | 1 | |a RU |b 63413507 |c 20090623 |g PSBO | |
| 801 | 2 | |a RU |b 63413507 |c 20211115 |g PSBO | |
| 856 | 4 | |u http://www.lib.tpu.ru/fulltext/v/Bulletin_TPU/2006/v309/i7/52.pdf | |
| 942 | |c CF | ||